Central Library OPAC University of Rajshahi

The aesthetic theories of Kant, Hegel and Scopenhauer / (Record no. 56654)

MARC details
000 -LEADER
fixed length control field 00757nam a2200241 a 4500
001 - CONTROL NUMBER
control field 56654
003 - CONTROL NUMBER IDENTIFIER
rucl marc code BD-RjUL
005 - DATE AND TIME OF LATEST TRANSACTION
control field 20211209080423.0
008 - FIXED-LENGTH DATA ELEMENTS--GENERAL INFORMATION
fixed length control field 161203s1958 enk||||| |||| 001 0 eng d
035 ## - SYSTEM CONTROL NUMBER
System control number (BD-RjUL)56778
040 ## - CATALOGING SOURCE
Original cataloging agency BD-RjUL
Language of cataloging eng
Transcribing agency BD-RjUL
Modifying agency BD-RjUL
041 ## - LANGUAGE CODE
Language code of text/sound track or separate title eng
082 ## - DEWEY DECIMAL CLASSIFICATION NUMBER
Edition number 23
Classification number 111.85
Author mark and year KNA 1958
100 ## - MAIN ENTRY--PERSONAL NAME
Personal name Knox, Israel.
9 (RLIN) 168514
245 ## - TITLE STATEMENT
Title The aesthetic theories of Kant, Hegel and Scopenhauer /
Statement of responsibility, etc. Israel Knox
260 ## - PUBLICATION, DISTRIBUTION, ETC. (IMPRINT)
Place of publication, distribution, etc. London :
Name of publisher, distributor, etc. Thames & Hudson
Date of publication, distribution, etc. 1958
300 ## - PHYSICAL DESCRIPTION
Pagination viii, 219 p. ;
Size 20 cm.
500 ## - GENERAL NOTE
General note Includes index
600 ## - SUBJECT ADDED ENTRY--PERSONAL NAME
Personal name Kant, Immanuel,
Dates associated with a name 1724-1804.
Personal name Hegel, Georg Wilhelm Friedrich,
Dates associated with a name 1770-1831
Personal name Schopenhauer, Arthur,
Dates associated with a name 1788-1860.
942 ## - ADDED ENTRY ELEMENTS (KOHA)
Source of classification or shelving scheme Dewey Decimal Classification
Koha item type Books
Holdings
Lost status Source of classification or shelving scheme Damaged status Not for loan Collection code Permanent Location Current Location Shelving location Date acquired Source of acquisition Cost, normal purchase price Total Checkouts Full call number Date last seen Copy number Koha item type
  Dewey Decimal Classification   Not For Loan Non-fiction Central Library, University of Rajshahi Central Library, University of Rajshahi Reading Room 12/03/1963 zeitlinger 30.00   111.85 KNA 1958 03/12/2016 C-1 Books